|
|
|
|
| LEADER |
00869nam a2200193 a 4500 |
| 001 |
00026802 |
| 008 |
130418s2005 sz a 000 0 eng d |
| 040 |
|
|
|a BD-DhAAL
|c BD-DhAAL
|
| 082 |
0 |
0 |
|a 551.6
|2 22
|
| 245 |
0 |
0 |
|a Technical Conference on Climate as a Resource :
|b Beijing, China, 1-2 November 2005
|
| 260 |
|
|
|a Geneva, Switzerland :
|b World Meteorological Organization,
|c 2005.
|
| 300 |
|
|
|a iv, 213 p :
|b ill. (mostly col.), maps (mostly col.) ;
|c 30 cm.
|
| 541 |
|
|
|e 00026802
|
| 650 |
|
0 |
|a Climatology
|x Congresses
|
| 650 |
|
0 |
|a Natural resources
|x Congresses.
|
| 710 |
2 |
|
|a World Meteorological Organization
|
| 852 |
1 |
|
|a Ayesha Abed Library
|c General shelf.
|
| 999 |
|
|
|c 13316
|d 13316
|
| 952 |
|
|
|0 0
|1 0
|2 ddc
|4 0
|6 551_600000000000000_TEC
|7 0
|9 22213
|a IGS
|b IGS
|c GEN
|d 2012-04-22
|e A H Development Publishing House
|g 3600.00
|l 1
|m 2
|o 551.6 TEC
|p 3010026802
|r 2014-06-10
|s 2013-05-07
|t 1
|w 2012-04-22
|y BK
|